000 01122nam0a22002891 4500
001 v19\rc\1367915
005 20260406151801.0
035 _a(NLR Aleph) 005205874
090 _a5357539
_c5357539
100 _a20060512d1872 |||y0rusy50 ca
101 1 _arus
_cita
102 _aRU
105 _ay z |||||
200 1 _aТравиата. (Виолетта)
_eОпера в 3 актах, соч. Франческа Марии Пиаве
_eПер. с итал.
_fМуз. Жозефа Верди
210 _aМосква
_cтип. И.Е. Шюман
_d1872
215 _a61 с.
_d13
517 0 _aВиолетта
700 1 _7ca
_8rus
_aПьяве
_bФ. М.
_f1810-1876
_gФранческо Мария
_929519
_3RU\NLR\AUTH\7746584
702 1 _4230
_7ca
_8rus
_aВерди
_bД.
_f1813-1901
_gДжузеппе
_9115479
_3RU\NLR\AUTH\775515
790 1 _9z01702
_aВерди
_bЖ.
_f1813-1901
_gЖозеф
801 0 _aRU
_bNLR
_c20060512
_gpsbo
801 0 _aRU
_bRuMoRGB
_c20060512
_2psbo
801 1 _aRU
_bProSoft-M
_c20060512
_2rusmarc
801 2 _aRU
_bNLR
_c20070516
_2rusmarc
852 _aNLR
_j18.167.3.121
942 _cBOOK
980 _aNB